00463nam a2200157Ia 4500999001700000003000400017005001700021008004100038040000900079082002200088100002800110245006400138260004400202300000900246942005000255 c19950d19950OSt20200616131910.0190216s9999||||xx |||||||||||||| ||und|| coclc a307.720954bETI/I aEtienne, Gilbert 92986 0aIndia`s Changing Rural Scene 1963 - 1979 /cGilbert Etienne bOxford University Press,c1984.aDelhi: a231p cBK2ddch307.720954iETI/Ik307.720954mETI/I